| 000 | 004800000a22001810004500 | ||
|---|---|---|---|
| 003 | MACL | ||
| 005 | 20150828103751.0 | ||
| 008 | 150828b xxu||||| |||| 00| 0 eng d | ||
| 040 |
_aMACL _cMACL |
||
| 041 | _aEnglish | ||
| 082 | _a780/SAX | ||
| 100 |
_aSaxena , Shudhir Kumar _97724 |
||
| 245 |
_aThe Art Of Tabla Rhythm _bEssential,Tradition And Creativity |
||
| 260 |
_bSangeet Natak Academi _c2006 _aNew Delhi |
||
| 350 | _a550 | ||
| 650 |
_aMusic _97725 |
||
| 942 |
_cBK _k780 _2ddc |
||
| 999 |
_c2197 _d2197 |
||